000 00580nam a22001931a 4500
001 3791
003 OSt
005 20260204211904.0
008 050218s1997||||ag ||||||b||||||||||spa||
020 _a9505502273
050 _a370 C891p
082 _a370 C891p
245 _aLos cuatro pilares de la educación: informe de la UNESCO de la Comisión Internacional sobre Educación para el siglo XXI / Ezequiel Ander Egg
264 _aArgentina : Magisterio del Rio de la Plata
300 _a46 p
650 _a1.Educación
700 _aAnder - Egg, EzequielÌ
942 _2ddc
_cBK
999 _c3791
_d3791